| 000 | 00797nam a22002531c 4500 | ||
|---|---|---|---|
| 001 | a987668410 | ||
| 008 | 111109s1997 gw |||| 000u ger d | ||
| 020 |
_a3921655846 _93-921-655-84-6 |
||
| 100 | 1 | _aSchobess, Volker | |
| 245 | 0 | 4 |
_aDie Potsdamer Wachtparade : _bVon den Langen Kerls des Soldatenkönigs zu den Fußgarden Friedrich des Großen |
| 264 |
_aBerg am Starnberger See [u.a.] : _bVowinckel-Verl., _c1997 |
||
| 300 | _a195 S. | ||
| 600 | 0 | _aFriedrich Wilhelm <Preußen, König, I.> | |
| 600 | 0 | _aFriedrich <Preußen, König, II.> | |
| 650 | 0 | _aMilitär | |
| 650 | 0 | _aKrieg | |
| 650 | 0 | _aHohenzollern | |
| 650 | 0 | _aRepräsentation | |
| 650 | 0 | _aPolitische Kultur | |
| 700 | 1 |
_aHohenstein, Erhart _eVerfasserIn |
|
| 942 | _cMG | ||
| 040 | _cRU-10907106 | ||
| 003 | RU-10907106 | ||
| 999 |
_c23843 _d23843 |
||